[Event "La Pobla de Lillet op A"]
[Site "La Pobla de Lillet ESP"]
[Date "2014.08.02"]
[Round "1.1"]
[White "Viñals Rioja, J."]
[Black "Movsziszian, K."]
[Result "0-1"]
[WhiteElo "2001"]
[BlackElo "2509"]
[PlyCount "78"]
[EventDate "2014.08.02"]
[EventType "swiss"]
[EventRounds "9"]
[EventCountry "ESP"]
[SourceTitle "Ajedrez en Madrid"]
[Source "lmi"]
[SourceDate "2020.06.24"]
[SourceVersion "1"]
[SourceVersionDate "2020.06.24"]
[SourceQuality "1"]

1. e4 g6 2. d4 Bg7 3. Be3 d6 4. Bd3 c5 5. c3 cxd4 6. Bxd4 Nf6 7. Ne2 O-O 8. f3
Nc6 9. Be3 d5 10. Nd2 e5 11. O-O Be6 12. Bf2 Qc7 13. exd5 Nxd5 14. Ne4 Rad8 15.
Qc2 h6 16. Nc5 Bc8 17. Rad1 b6 18. Nb3 Be6 19. Rd2 Nce7 20. Be4 h5 21. a3 Bh6
22. Rd3 f5 23. Bxd5 Bxd5 24. Rdd1 Kh7 25. Nd2 Rd7 26. Bg3 Rfd8 27. f4 Bb7 28.
Bh4 exf4 29. Nf3 Rxd1 30. Rxd1 Rxd1+ 31. Qxd1 Bxf3 32. gxf3 g5 33. Bf2 g4 34.
Nd4 g3 35. Be1 Qe5 36. Bd2 h4 37. Kg2 Bg7 38. Qa4 Qd6 39. Qxa7 h3+ 0-1

[Event "La Pobla de Lillet op A"]
[Site "La Pobla de Lillet ESP"]
[Date "2014.08.02"]
[Round "1.2"]
[White "Mellado Triviño, J."]
[Black "Guasch Murtra, JM."]
[Result "1-0"]
[WhiteElo "2443"]
[BlackElo "1992"]
[PlyCount "33"]
[EventDate "2014.08.02"]
[EventType "swiss"]
[EventRounds "9"]
[EventCountry "ESP"]
[SourceTitle "Ajedrez en Madrid"]
[Source "lmi"]
[SourceDate "2020.06.24"]
[SourceVersion "1"]
[SourceVersionDate "2020.06.24"]
[SourceQuality "1"]

1. e4 d5 2. exd5 Qxd5 3. Nf3 Nf6 4. d4 c6 5. c4 Qe4+ 6. Be2 Bf5 7. O-O Qc2 8.
Nc3 Qxd1 9. Rxd1 e6 10. d5 Bb4 11. Nd4 O-O 12. Bd2 Bc5 13. Be3 Bxd4 14. Bxd4
Nbd7 15. dxc6 bxc6 16. Be3 a5 17. g4 1-0

[Event "La Pobla de Lillet op A"]
[Site "La Pobla de Lillet ESP"]
[Date "2014.08.02"]
[Round "1.3"]
[White "Povill Claros, X."]
[Black "Renteria Becerra, J."]
[Result "0-1"]
[WhiteElo "1971"]
[BlackElo "2306"]
[PlyCount "56"]
[EventDate "2014.08.02"]
[EventType "swiss"]
[EventRounds "9"]
[EventCountry "ESP"]
[SourceTitle "Ajedrez en Madrid"]
[Source "lmi"]
[SourceDate "2020.06.24"]
[SourceVersion "1"]
[SourceVersionDate "2020.06.24"]
[SourceQuality "1"]

1. e4 c5 2. Nf3 d6 3. Bb5+ Nc6 4. Bxc6+ bxc6 5. O-O Bg4 6. h3 Bh5 7. e5 d5 8.
b3 e6 9. Ba3 f5 10. d3 Nh6 11. Nc3 Nf7 12. Re1 Ng5 13. Kh2 d4 14. Na4 Qa5 15.
Qe2 Be7 16. c3 Rd8 17. Rac1 dxc3 18. Rxc3 Rd5 19. Rec1 Bxf3 20. gxf3 Rxe5 21.
Qd1 Re1 22. Qc2 Nxf3+ 23. Kg2 Nh4+ 24. Kg3 Qc7+ 25. f4 Qxf4+ 26. Kxf4 Bd6+ 27.
Kg5 Nf3+ 28. Kh5 g6+ 0-1

[Event "La Pobla de Lillet op A"]
[Site "La Pobla de Lillet ESP"]
[Date "2014.08.02"]
[Round "1.4"]
[White "Gomez Jurado, LA."]
[Black "Diaz Lopez, P."]
[Result "1-0"]
[WhiteElo "2302"]
[BlackElo "1966"]
[PlyCount "75"]
[EventDate "2014.08.02"]
[EventType "swiss"]
[EventRounds "9"]
[EventCountry "ESP"]
[SourceTitle "Ajedrez en Madrid"]
[Source "lmi"]
[SourceDate "2020.06.24"]
[SourceVersion "1"]
[SourceVersionDate "2020.06.24"]
[SourceQuality "1"]

1. c4 e5 2. g3 d6 3. Nc3 f5 4. d3 Nf6 5. Bg2 Be7 6. e4 c6 7. Nge2 O-O 8. O-O
Qe8 9. c5 Na6 10. cxd6 Bxd6 11. exf5 Bxf5 12. d4 Kh8 13. Bg5 Qg6 14. Bxf6 Rxf6
15. d5 Nb4 16. dxc6 Nxc6 17. Qb3 Rb8 18. Rac1 Bd3 19. Qd5 Nb4 20. Qa5 Nc6 21.
Qa4 Bb4 22. Bxc6 Bxc3 23. Nxc3 bxc6 24. Qxa7 Rbf8 25. Rfe1 e4 26. Nd1 h5 27.
Qa3 h4 28. Rxc6 Qf5 29. Rxf6 Rxf6 30. Qa7 hxg3 31. fxg3 Qf3 32. Qe3 Qg4 33. Nf2
Qd7 34. Nxd3 exd3 35. Qe8+ Qxe8 36. Rxe8+ Kh7 37. Rd8 Rf3 38. a4 1-0

[Event "La Pobla de Lillet op A"]
[Site "La Pobla de Lillet ESP"]
[Date "2014.08.02"]
[Round "1.5"]
[White "Alsina Franco, S."]
[Black "Mestre Bellido, H."]
[Result "0-1"]
[WhiteElo "1924"]
[BlackElo "2299"]
[PlyCount "52"]
[EventDate "2014.08.02"]
[EventType "swiss"]
[EventRounds "9"]
[EventCountry "ESP"]
[SourceTitle "Ajedrez en Madrid"]
[Source "lmi"]
[SourceDate "2020.06.24"]
[SourceVersion "1"]
[SourceVersionDate "2020.06.24"]
[SourceQuality "1"]

1. e4 e5 2. Bc4 Nc6 3. Nc3 Nf6 4. d3 Na5 5. Bb3 Nxb3 6. axb3 d5 7. Bg5 Bb4 8.
exd5 Qxd5 9. Bxf6 Qxg2 10. Qf3 Qxf3 11. Nxf3 gxf6 12. Rg1 Bf5 13. Ke2 c6 14.
Ne4 Be7 15. Nfd2 a6 16. Nc4 O-O-O 17. Ng3 Bg4+ 18. f3 Be6 19. Ne3 Rhg8 20. Ngf5
Bc5 21. Rg3 Rg6 22. Ra5 Bf8 23. Ra4 Rg5 24. Nh4 Rh5 25. Neg2 Bh6 26. Re4 Bg5
0-1

[Event "La Pobla de Lillet op A"]
[Site "La Pobla de Lillet ESP"]
[Date "2014.08.02"]
[Round "1.6"]
[White "Boix Moreno, D."]
[Black "Picatoste Verdejo, S."]
[Result "1-0"]
[WhiteElo "2267"]
[BlackElo "1906"]
[PlyCount "63"]
[EventDate "2014.08.02"]
[EventType "swiss"]
[EventRounds "9"]
[EventCountry "ESP"]
[SourceTitle "Ajedrez en Madrid"]
[Source "lmi"]
[SourceDate "2020.06.24"]
[SourceVersion "1"]
[SourceVersionDate "2020.06.24"]
[SourceQuality "1"]

1. e4 g6 2. d4 Bg7 3. Nc3 d6 4. f4 Nc6 5. Bb5 Bd7 6. Nf3 a6 7. Bxc6 Bxc6 8. Be3
b6 9. O-O Bb7 10. d5 Nf6 11. Bd4 O-O 12. Qe1 c5 13. dxc6 Bxc6 14. Rd1 Qc7 15.
Qh4 Rfe8 16. e5 Nd7 17. Ng5 h6 18. Nxf7 Kxf7 19. e6+ Kg8 20. exd7 Qxd7 21. Bxg7
Kxg7 22. Rd3 Qf5 23. Rh3 h5 24. Rg3 Qf6 25. Qxh5 Rh8 26. Qg5 Rh6 27. Qxf6+ Kxf6
28. Re3 e6 29. Rfe1 Bd7 30. Ne4+ Kf5 31. Nxd6+ Kxf4 32. Re4+ 1-0

[Event "La Pobla de Lillet op A"]
[Site "La Pobla de Lillet ESP"]
[Date "2014.08.02"]
[Round "1.7"]
[White "Galiana Fernandez, A."]
[Black "Herreros Fernandez, M."]
[Result "0-1"]
[WhiteElo "2242"]
[BlackElo "1889"]
[PlyCount "64"]
[EventDate "2014.08.02"]
[EventType "swiss"]
[EventRounds "9"]
[EventCountry "ESP"]
[SourceTitle "Ajedrez en Madrid"]
[Source "lmi"]
[SourceDate "2020.06.24"]
[SourceVersion "1"]
[SourceVersionDate "2020.06.24"]
[SourceQuality "1"]

1. e4 e5 2. Nf3 Nf6 3. Nxe5 d6 4. Nf3 Nxe4 5. Nc3 Nf6 6. d4 Be7 7. h3 Bf5 8.
Nh4 Bg6 9. Nxg6 hxg6 10. Qf3 d5 11. Bg5 Nbd7 12. O-O-O c6 13. Bd3 Qa5 14. Rhe1
Kf8 15. Kb1 Bd6 16. g4 Kg8 17. h4 Bb4 18. Bd2 Rxh4 19. Rh1 Rxh1 20. Rxh1 Nf8
21. Qh3 N6h7 22. g5 Qd8 23. f4 Qd7 24. f5 Re8 25. Qf3 Qd6 26. Qh3 gxf5 27. Bxf5
g6 28. Bd3 Qd7 29. Qh6 Bd6 30. Nd1 Qg4 31. Nf2 Qf3 32. Nh3 Qxh1+ 0-1

[Event "La Pobla de Lillet op A"]
[Site "La Pobla de Lillet ESP"]
[Date "2014.08.02"]
[Round "1.8"]
[White "Ayza Ballester, J."]
[Black "Arias Castañedo, J."]
[Result "1/2-1/2"]
[WhiteElo "2212"]
[BlackElo "1883"]
[PlyCount "77"]
[EventDate "2014.08.02"]
[EventType "swiss"]
[EventRounds "9"]
[EventCountry "ESP"]
[SourceTitle "Ajedrez en Madrid"]
[Source "lmi"]
[SourceDate "2020.06.24"]
[SourceVersion "1"]
[SourceVersionDate "2020.06.24"]
[SourceQuality "1"]

1. e4 c6 2. d3 d5 3. Nd2 g6 4. Ngf3 Bg7 5. c3 e5 6. a4 Ne7 7. a5 O-O 8. Qc2 c5
9. Be2 Nbc6 10. exd5 Nxd5 11. Ne4 Nxa5 12. Nxc5 b6 13. Qa4 h6 14. O-O Nb7 15.
Na6 Nd6 16. d4 exd4 17. Nxd4 Bb7 18. Bf3 Qc8 19. Rd1 Rd8 20. h3 Nc4 21. Bg4 f5
22. Be2 Nd6 23. Bf1 Ne4 24. Nb4 a5 25. Nxd5 Bxd5 26. Be3 Qb7 27. Bc4 Kh7 28.
Ne6 Bxe6 29. Bxe6 Nc5 30. Qc4 Nxe6 31. Qxe6 Rab8 32. Rxd8 Rxd8 33. Bxb6 Rb8 34.
Bxa5 Qxb2 35. Rd1 Qb3 36. Qd7 Rb7 37. Qd3 Be5 38. Bb4 Qf7 39. Qd5 1/2-1/2

[Event "La Pobla de Lillet op A"]
[Site "La Pobla de Lillet ESP"]
[Date "2014.08.02"]
[Round "1.9"]
[White "Vargas Drechsler, C."]
[Black "Capellades Subirana, M."]
[Result "0-1"]
[WhiteElo "1814"]
[BlackElo "2188"]
[PlyCount "62"]
[EventDate "2014.08.02"]
[EventType "swiss"]
[EventRounds "9"]
[EventCountry "ESP"]
[SourceTitle "Ajedrez en Madrid"]
[Source "lmi"]
[SourceDate "2020.06.24"]
[SourceVersion "1"]
[SourceVersionDate "2020.06.24"]
[SourceQuality "1"]

1. e4 e5 2. Nf3 Nc6 3. Bc4 Bc5 4. c3 Nf6 5. d4 exd4 6. cxd4 Bb4+ 7. Nc3 Nxe4 8.
O-O Bxc3 9. d5 Ne5 10. bxc3 Nxc4 11. Qd4 O-O 12. Qxe4 Nd6 13. Qd3 Qf6 14. Re1
h6 15. Ba3 b6 16. Ne5 Re8 17. Ng4 Rxe1+ 18. Rxe1 Qf5 19. Qg3 Qg6 20. Bxd6 cxd6
21. Re8+ Kh7 22. h4 f5 23. Qe3 fxg4 24. h5 Qb1+ 25. Kh2 Qf5 26. Qe7 Bb7 27.
Rxa8 Bxa8 28. c4 Qe5+ 29. Qxe5 dxe5 30. Kg3 d6 31. Kxg4 Bb7 0-1

[Event "La Pobla de Lillet op A"]
[Site "La Pobla de Lillet ESP"]
[Date "2014.08.02"]
[Round "1.10"]
[White "Cervello Tost, F."]
[Black "Gomez Sanjuan, HF."]
[Result "0-1"]
[WhiteElo "2141"]
[BlackElo "1812"]
[PlyCount "78"]
[EventDate "2014.08.02"]
[EventType "swiss"]
[EventRounds "9"]
[EventCountry "ESP"]
[SourceTitle "Ajedrez en Madrid"]
[Source "lmi"]
[SourceDate "2020.06.24"]
[SourceVersion "1"]
[SourceVersionDate "2020.06.24"]
[SourceQuality "1"]

1. Nf3 c5 2. g3 Nc6 3. Bg2 g6 4. d4 cxd4 5. Nxd4 Bg7 6. Nxc6 bxc6 7. O-O Nf6 8.
c4 O-O 9. Nc3 Bb7 10. Bf4 Re8 11. Qb3 Qc8 12. Rfd1 Nh5 13. Be3 d6 14. Rac1 Nf6
15. Bd4 Qc7 16. h3 Nd7 17. Bxg7 Kxg7 18. Ne4 Rab8 19. Qc3+ Kg8 20. h4 c5 21. h5
f6 22. f4 Nf8 23. hxg6 hxg6 24. Kf2 Bc6 25. Rh1 Qb7 26. Nxf6+ exf6 27. Bxc6
Qxc6 28. Qxf6 Rxe2+ 29. Kxe2 Rxb2+ 30. Qxb2 Qg2+ 31. Ke3 Qxb2 32. Rcd1 Qxa2 33.
Rxd6 Qxc4 34. Rd2 a5 35. Rd8 a4 36. Ra8 Qe6+ 37. Kf2 Qa2+ 38. Kf3 Qb3+ 39. Ke2
Qc2+ 0-1

[Event "La Pobla de Lillet op A"]
[Site "La Pobla de Lillet ESP"]
[Date "2014.08.03"]
[Round "2.1"]
[White "Movsziszian, K."]
[Black "Garcia Castellote, O."]
[Result "1-0"]
[WhiteElo "2509"]
[BlackElo "2058"]
[PlyCount "67"]
[EventDate "2014.08.02"]
[EventType "swiss"]
[EventRounds "9"]
[EventCountry "ESP"]
[SourceTitle "Ajedrez en Madrid"]
[Source "lmi"]
[SourceDate "2020.06.24"]
[SourceVersion "1"]
[SourceVersionDate "2020.06.24"]
[SourceQuality "1"]

1. g3 g6 2. Bg2 Bg7 3. f4 c5 4. Nf3 Nc6 5. O-O d5 6. d3 e6 7. c3 Nge7 8. e4 O-O
9. Qe2 Rb8 10. e5 b5 11. Be3 d4 12. cxd4 cxd4 13. Bf2 Qb6 14. Nbd2 Bb7 15. Ne4
Ba8 16. h4 Rfd8 17. h5 Nd5 18. hxg6 hxg6 19. Rfe1 Ne3 20. Bxe3 dxe3 21. Qxe3
Rxd3 22. Qxb6 Rxb6 23. Rac1 Ne7 24. Nf6+ Kf8 25. Red1 Rxd1+ 26. Rxd1 Bxf6 27.
Rd8+ Kg7 28. exf6+ Kxf6 29. Rxa8 Rb7 30. Nd4 Rd7 31. Nxb5 Rd1+ 32. Kh2 Nf5 33.
Rxa7 Ne3 34. Nc3 1-0

[Event "La Pobla de Lillet op A"]
[Site "La Pobla de Lillet ESP"]
[Date "2014.08.03"]
[Round "2.2"]
[White "Tejero Royo, F."]
[Black "Mellado Triviño, J."]
[Result "0-1"]
[WhiteElo "2052"]
[BlackElo "2443"]
[PlyCount "54"]
[EventDate "2014.08.02"]
[EventType "swiss"]
[EventRounds "9"]
[EventCountry "ESP"]
[SourceTitle "Ajedrez en Madrid"]
[Source "lmi"]
[SourceDate "2020.06.24"]
[SourceVersion "1"]
[SourceVersionDate "2020.06.24"]
[SourceQuality "1"]

1. c4 e5 2. Nc3 Nf6 3. g3 c6 4. Bg2 d5 5. cxd5 cxd5 6. Qb3 Nc6 7. d3 d4 8. Ne4
Nxe4 9. Bxe4 Bb4+ 10. Kf1 Qe7 11. a3 Bd6 12. h4 Be6 13. Qa4 O-O 14. Nh3 f5 15.
Bg2 h6 16. f4 e4 17. dxe4 fxe4 18. Kg1 e3 19. Kh2 Qf7 20. Re1 Bxh3 21. Kxh3
Qf5+ 22. Kh2 Bxf4 23. Qc4+ Kh8 24. Rf1 Bxg3+ 25. Kxg3 Qe5+ 26. Kh3 Rxf1 27.
Bxf1 Qf5+ 0-1

[Event "La Pobla de Lillet op A"]
[Site "La Pobla de Lillet ESP"]
[Date "2014.08.03"]
[Round "2.3"]
[White "Renteria Becerra, J."]
[Black "Prats Rodriguez, JB."]
[Result "1-0"]
[WhiteElo "2306"]
[BlackElo "2050"]
[PlyCount "45"]
[EventDate "2014.08.02"]
[EventType "swiss"]
[EventRounds "9"]
[EventCountry "ESP"]
[SourceTitle "Ajedrez en Madrid"]
[Source "lmi"]
[SourceDate "2020.06.24"]
[SourceVersion "1"]
[SourceVersionDate "2020.06.24"]
[SourceQuality "1"]

1. e4 d6 2. d4 Nf6 3. Nc3 g6 4. Bg5 Bg7 5. f4 h6 6. Bh4 c6 7. Qd2 b5 8. Bd3 O-O
9. Nf3 Bg4 10. O-O Nbd7 11. e5 dxe5 12. fxe5 Ne8 13. h3 Be6 14. Be4 Rc8 15.
Rad1 g5 16. Bg3 f5 17. Bxc6 Rxc6 18. d5 Qb6+ 19. Bf2 Nc5 20. dxc6 Bc4 21. b4
Bxf1 22. Bxc5 Qxc6 23. Rxf1 1-0

[Event "La Pobla de Lillet op A"]
[Site "La Pobla de Lillet ESP"]
[Date "2014.08.03"]
[Round "2.4"]
[White "Corrigüelas Armillas, F."]
[Black "Gomez Jurado, LA."]
[Result "0-1"]
[WhiteElo "2035"]
[BlackElo "2302"]
[PlyCount "102"]
[EventDate "2014.08.02"]
[EventType "swiss"]
[EventRounds "9"]
[EventCountry "ESP"]
[SourceTitle "Ajedrez en Madrid"]
[Source "lmi"]
[SourceDate "2020.06.24"]
[SourceVersion "1"]
[SourceVersionDate "2020.06.24"]
[SourceQuality "1"]

1. e4 c6 2. d4 d5 3. Nc3 dxe4 4. Nxe4 Bf5 5. Ng3 Bg6 6. Nf3 Nd7 7. Bd3 e6 8.
O-O Ngf6 9. b3 Bd6 10. Bb2 Qc7 11. Re1 O-O 12. Bxg6 hxg6 13. Ne5 Rfe8 14. Qf3
c5 15. Nc4 cxd4 16. Bxd4 e5 17. Nxd6 Qxd6 18. Bb2 Rac8 19. c4 Qc6 20. Qxc6 Rxc6
21. Re2 a5 22. Rae1 Rce6 23. f3 b6 24. Kf1 a4 25. b4 Rc8 26. Rc1 Rec6 27. Bxe5
Nxe5 28. Rxe5 Rxc4 29. Rxc4 Rxc4 30. Rb5 Rc1+ 31. Ke2 Rc2+ 32. Kd3 Rxa2 33.
Rxb6 Rf2 34. Rb8+ Kh7 35. Ne4 Nxe4 36. fxe4 Rxg2 37. Ra8 Rxh2 38. Rxa4 g5 39.
b5 Rb2 40. Kc4 g4 41. Kc5 Kg6 42. b6 Kg5 43. Ra7 g3 44. Rxf7 g6 45. Rf1 g2 46.
Re1 Kf4 47. Kc6 Re2 48. Rxe2 g1=Q 49. b7 Qa7 50. e5 Qa6+ 51. Kc7 Qxe2 0-1

[Event "La Pobla de Lillet op A"]
[Site "La Pobla de Lillet ESP"]
[Date "2014.08.03"]
[Round "2.5"]
[White "Mestre Bellido, H."]
[Black "Moya Arau, C."]
[Result "1-0"]
[WhiteElo "2299"]
[BlackElo "2034"]
[PlyCount "85"]
[EventDate "2014.08.02"]
[EventType "swiss"]
[EventRounds "9"]
[EventCountry "ESP"]
[SourceTitle "Ajedrez en Madrid"]
[Source "lmi"]
[SourceDate "2020.06.24"]
[SourceVersion "1"]
[SourceVersionDate "2020.06.24"]
[SourceQuality "1"]

1. Nf3 d5 2. g3 Nf6 3. Bg2 e6 4. c4 Be7 5. O-O O-O 6. d4 Nbd7 7. cxd5 exd5 8.
Nc3 c6 9. Bf4 Re8 10. Ne5 Nxe5 11. dxe5 Nh5 12. Bc1 g6 13. e4 dxe4 14. Qe2 f5
15. exf6 Nxf6 16. Qc4+ Kg7 17. Rd1 Qa5 18. Nxe4 Qb4 19. Qxb4 Bxb4 20. Nxf6 Kxf6
21. Be3 Be6 22. Rd4 Ba5 23. a3 Bc7 24. Rb4 Bb6 25. Bxb6 axb6 26. Rxb6 Re7 27.
Rb4 Rd8 28. Rf4+ Bf5 29. Bh3 Kg5 30. Bxf5 gxf5 31. Rc1 Rd2 32. Rc5 Rf7 33. b4
Ra2 34. Rf3 Kg6 35. b5 cxb5 36. Rxb5 Ra1+ 37. Kg2 Ra2 38. Rb6+ Kg5 39. h4+ Kg4
40. Rf4+ Kh5 41. Kh3 Rxa3 42. f3 Rc3 43. Rxf5+ 1-0

[Event "La Pobla de Lillet op A"]
[Site "La Pobla de Lillet ESP"]
[Date "2014.08.03"]
[Round "2.6"]
[White "Masachs Vendrell, F."]
[Black "Boix Moreno, D."]
[Result "0-1"]
[WhiteElo "2010"]
[BlackElo "2267"]
[PlyCount "58"]
[EventDate "2014.08.02"]
[EventType "swiss"]
[EventRounds "9"]
[EventCountry "ESP"]
[SourceTitle "Ajedrez en Madrid"]
[Source "lmi"]
[SourceDate "2020.06.24"]
[SourceVersion "1"]
[SourceVersionDate "2020.06.24"]
[SourceQuality "1"]

1. d4 Nf6 2. Nc3 d5 3. e4 dxe4 4. f3 Bf5 5. fxe4 Nxe4 6. Qf3 Nd6 7. Bf4 e6 8.
Bxd6 Bxd6 9. O-O-O Nd7 10. Ne4 O-O 11. Bd3 Nf6 12. Nxd6 Bg4 13. Bxh7+ Kxh7 14.
Qd3+ Kg8 15. Nxb7 Qd5 16. Rf1 Qxb7 17. Rxf6 Bf5 18. Rxf5 exf5 19. Nf3 Qe4 20.
Qd2 Rfe8 21. Re1 Qd5 22. b3 Re4 23. Rxe4 fxe4 24. Ne5 c5 25. Qa5 Qxd4 26. Qc7
Rf8 27. Nd7 e3 28. c4 Qd2+ 29. Kb1 e2 0-1

[Event "La Pobla de Lillet op A"]
[Site "La Pobla de Lillet ESP"]
[Date "2014.08.03"]
[Round "2.7"]
[White "Herreros Fernandez, M."]
[Black "Jover Font, P."]
[Result "1-0"]
[WhiteElo "2242"]
[BlackElo "2005"]
[PlyCount "85"]
[EventDate "2014.08.02"]
[EventType "swiss"]
[EventRounds "9"]
[EventCountry "ESP"]
[SourceTitle "Ajedrez en Madrid"]
[Source "lmi"]
[SourceDate "2020.06.24"]
[SourceVersion "1"]
[SourceVersionDate "2020.06.24"]
[SourceQuality "1"]

1. Nf3 Nf6 2. d4 e6 3. g3 b6 4. Bg2 Bb7 5. O-O Be7 6. b3 O-O 7. Bb2 Ne4 8. Nfd2
f5 9. Nxe4 Bxe4 10. Bxe4 fxe4 11. Nd2 d5 12. f3 exf3 13. exf3 Nc6 14. Qe2 Qd6
15. f4 Bf6 16. Nf3 Rae8 17. Kg2 Rf7 18. Rfe1 Qd7 19. Rad1 a5 20. c4 Rfe7 21.
Ba3 Rf7 22. h4 Qd8 23. f5 e5 24. dxe5 Nxe5 25. Rxd5 Rd7 26. Qe4 Rxd5 27. cxd5
Kf7 28. d6 c6 29. Nxe5+ Bxe5 30. Qc4+ Kf6 31. Qxc6 Qc8 32. Qxc8 Rxc8 33. g4 b5
34. Bc5 g6 35. d7 Rd8 36. Be7+ Kxe7 37. Rxe5+ Kf6 38. Rd5 h5 39. g5+ Kf7 40.
fxg6+ Kxg6 41. Kf3 a4 42. b4 Kf7 43. Ke4 1-0

[Event "La Pobla de Lillet op A"]
[Site "La Pobla de Lillet ESP"]
[Date "2014.08.03"]
[Round "2.8"]
[White "Capellades Subirana, M."]
[Black "Garcia Castellote, D."]
[Result "1/2-1/2"]
[WhiteElo "2188"]
[BlackElo "2002"]
[PlyCount "41"]
[EventDate "2014.08.02"]
[EventType "swiss"]
[EventRounds "9"]
[EventCountry "ESP"]
[SourceTitle "Ajedrez en Madrid"]
[Source "lmi"]
[SourceDate "2020.06.24"]
[SourceVersion "1"]
[SourceVersionDate "2020.06.24"]
[SourceQuality "1"]

1. e4 c5 2. Nf3 e6 3. d4 cxd4 4. Nxd4 Nf6 5. Nc3 Nc6 6. Be3 Bb4 7. Bd3 d5 8.
exd5 Nxd5 9. Nxc6 bxc6 10. Bd2 Nxc3 11. bxc3 Be7 12. O-O O-O 13. Be4 Ba6 14.
Re1 Rc8 15. Re3 g6 16. Bd3 Bb7 17. Qe2 c5 18. c4 Bf6 19. Rb1 Qd7 20. Qg4 Ba8
21. Rh3 1/2-1/2

[Event "La Pobla de Lillet op A"]
[Site "La Pobla de Lillet ESP"]
[Date "2014.08.03"]
[Round "2.9"]
[White "Sayrol Clols, JM."]
[Black "Gomez Sanjuan, HF."]
[Result "1/2-1/2"]
[WhiteElo "2134"]
[BlackElo "1812"]
[PlyCount "48"]
[EventDate "2014.08.02"]
[EventType "swiss"]
[EventRounds "9"]
[EventCountry "ESP"]
[SourceTitle "Ajedrez en Madrid"]
[Source "lmi"]
[SourceDate "2020.06.24"]
[SourceVersion "1"]
[SourceVersionDate "2020.06.24"]
[SourceQuality "1"]

1. e4 c5 2. c3 d6 3. d4 Nf6 4. Bd3 Qc7 5. Nf3 g6 6. e5 dxe5 7. dxe5 Ng4 8. O-O
Nxe5 9. Nxe5 Qxe5 10. Re1 Qc7 11. Bg5 Be6 12. Na3 Qd7 13. Qe2 Nc6 14. Rad1 Qc8
15. Bc4 Bg7 16. Bxe6 fxe6 17. Qf3 Ne5 18. Qg3 Nf7 19. Nb5 e5 20. f4 Nxg5 21.
Qxg5 a6 22. Na3 Qf5 23. Qxf5 gxf5 24. fxe5 Kf7 1/2-1/2

[Event "La Pobla de Lillet op A"]
[Site "La Pobla de Lillet ESP"]
[Date "2014.08.04"]
[Round "3.1"]
[White "Boix Moreno, D."]
[Black "Movsziszian, K."]
[Result "0-1"]
[WhiteElo "2267"]
[BlackElo "2509"]
[PlyCount "80"]
[EventDate "2014.08.02"]
[EventType "swiss"]
[EventRounds "9"]
[EventCountry "ESP"]
[SourceTitle "Ajedrez en Madrid"]
[Source "lmi"]
[SourceDate "2020.06.24"]
[SourceVersion "1"]
[SourceVersionDate "2020.06.24"]
[SourceQuality "1"]

1. e4 g6 2. d4 Bg7 3. Nc3 a6 4. f4 d5 5. e5 h5 6. Nf3 Bg4 7. h3 Bxf3 8. Qxf3 e6
9. g3 c5 10. dxc5 Qa5 11. Bd2 Qxc5 12. O-O-O Ne7 13. Kb1 Nd7 14. Bd3 b5 15. g4
h4 16. Rhe1 Rc8 17. Be3 Qc7 18. Bg1 Qa5 19. Ne2 Nc6 20. Nc1 Nb4 21. a3 Nxd3 22.
Nxd3 Qc7 23. Qe2 a5 24. f5 b4 25. a4 O-O 26. Bf2 Nxe5 27. Nxe5 Bxe5 28. fxe6
fxe6 29. Bxh4 Kh7 30. Rd3 Bg7 31. Bg3 Qc6 32. h4 e5 33. h5 e4 34. hxg6+ Kxg6
35. Rb3 Qxa4 36. Bd6 Rh8 37. Qf2 Qd7 38. Bc5 Qf7 39. Qxf7+ Kxf7 40. Bb6 Rh2 0-1

[Event "La Pobla de Lillet op A"]
[Site "La Pobla de Lillet ESP"]
[Date "2014.08.04"]
[Round "3.2"]
[White "Mellado Triviño, J."]
[Black "Mestre Bellido, H."]
[Result "1-0"]
[WhiteElo "2443"]
[BlackElo "2299"]
[PlyCount "107"]
[EventDate "2014.08.02"]
[EventType "swiss"]
[EventRounds "9"]
[EventCountry "ESP"]
[SourceTitle "Ajedrez en Madrid"]
[Source "lmi"]
[SourceDate "2020.06.24"]
[SourceVersion "1"]
[SourceVersionDate "2020.06.24"]
[SourceQuality "1"]

1. e4 e5 2. Nf3 Nc6 3. d4 exd4 4. Nxd4 Bc5 5. Nxc6 Qf6 6. Qf3 bxc6 7. Nd2 d5 8.
exd5 Qe7+ 9. Be2 Nf6 10. d6 Qxd6 11. Ne4 Nxe4 12. Qxe4+ Qe6 13. Bf3 O-O 14.
Qxe6 Bxe6 15. Be3 Bxe3 16. fxe3 Rad8 17. Bxc6 Rd6 18. Bf3 Rfd8 19. b3 Bf5 20.
O-O Bxc2 21. Rac1 Rd2 22. Rf2 Bf5 23. Rc5 Be6 24. Ra5 R2d3 25. Rxa7 g5 26. h3
Rxe3 27. Rxc7 f5 28. Rfc2 g4 29. hxg4 fxg4 30. Be2 g3 31. R7c3 Rd1+ 32. Bf1
Rde1 33. Rxe3 Rxe3 34. Re2 Rxe2 35. Bxe2 Kf8 36. Bc4 Bg4 37. a4 Ke7 38. a5 Kd6
39. b4 Bf5 40. Be2 Kc7 41. b5 h5 42. Kf1 h4 43. Ke1 Kb8 44. Bf3 Be6 45. b6 Bc4
46. Kd2 Bf1 47. Ke3 Ba6 48. Kf4 Bc8 49. Kg5 h3 50. gxh3 Bb7 51. Kf4 g2 52. Bxg2
Bxg2 53. h4 Kb7 54. h5 1-0

[Event "La Pobla de Lillet op A"]
[Site "La Pobla de Lillet ESP"]
[Date "2014.08.04"]
[Round "3.3"]
[White "Sanpera Bonet, JC."]
[Black "Renteria Becerra, J."]
[Result "1/2-1/2"]
[WhiteElo "2089"]
[BlackElo "2306"]
[PlyCount "105"]
[EventDate "2014.08.02"]
[EventType "swiss"]
[EventRounds "9"]
[EventCountry "ESP"]
[SourceTitle "Ajedrez en Madrid"]
[Source "lmi"]
[SourceDate "2020.06.24"]
[SourceVersion "1"]
[SourceVersionDate "2020.06.24"]
[SourceQuality "1"]

1. e4 d6 2. d4 Nf6 3. Nc3 e5 4. dxe5 dxe5 5. Qxd8+ Kxd8 6. Bc4 Be6 7. Bxe6 fxe6
8. Be3 Bd6 9. f3 a6 10. O-O-O Ke7 11. Nh3 Nbd7 12. Nf2 b5 13. Rd2 Rhb8 14. Rhd1
Nb6 15. Bxb6 Rxb6 16. Kb1 Rbb8 17. Nd3 Nd7 18. Re2 c5 19. Ree1 c4 20. Nc1 Bb4
21. N1e2 Rf8 22. Rf1 Nc5 23. Ka1 Rad8 24. Rxd8 Rxd8 25. Rd1 Rf8 26. b3 cxb3 27.
axb3 Bxc3+ 28. Nxc3 g5 29. b4 Nd7 30. Kb2 g4 31. Rd3 gxf3 32. Rxf3 Rxf3 33.
gxf3 Kf6 34. Ne2 Kg5 35. Kc3 Kh4 36. Ng1 Nf6 37. Kd3 Nh5 38. c4 Nf4+ 39. Kc3
bxc4 40. Kxc4 Nh3 41. Nxh3 Kxh3 42. Kc5 Kxh2 43. Kb6 Kg2 44. Kxa6 h5 45. b5 h4
46. b6 h3 47. b7 h2 48. b8=Q h1=Q 49. Qxe5 Kxf3 50. Qxe6 Qa1+ 51. Kb5 Qb1+ 52.
Kc5 Qxe4 53. Qxe4+ 1/2-1/2